Die With A Smile - Bruno mars & lady gaga (All Lyrics) - Statistics

General Stats
  • This quiz has been taken 187 times
  • The average score is 252 of 294
Answer Stats
% Correct
a
99%
I
99%
you
97%
to
96%
the
95%
and
94%
And
94%
If
94%
just
94%
was
94%
world
94%
ending
92%
next
92%
Next
92%
wanna
92%
be
91%
Where
90%
where
90%
die
89%
go
89%
it
89%
me
89%
smile
89%
with
89%
do
87%
don't
87%
dream
87%
for
87%
from
87%
up
87%
woke
87%
last
86%
that
86%
follow
85%
hold
85%
know
85%
over
85%
party
85%
say
85%
tomorrow
85%
all
84%
like
84%
Like
84%
love
84%
night
84%
what
84%
while
84%
goodbye
83%
I'd
83%
I'll
83%
it's
83%
mean
82%
that's
82%
time
81%
had
80%
So
80%
Nobody's
78%
means
76%
on
76%
every
75%
our
75%
promised
75%
Wherever
73%
Earth
71%
this
70%
anymore
69%
But
69%
through
69%
we
69%
Oh
68%
oh
68%
realized
67%
since
65%
'Cause
63%
survived
63%
Ooh
62%
ooh
62%
I'ma
61%
in
61%
is
61%
fighting
56%
lost
56%
Lost
56%
already
54%
even
54%
only
51%
words
48%
Right
46%
scream
46%
worth
46%
war
30%
Woo
3%
No matching quizzes found
Score Distribution
Percent of People with Each Score
Percentile by Number Answered
Your Score History
You have not taken this quiz